000 00489nam a22001697a 4500
005 20241218095914.0
008 241218b ||||| |||| 00| 0 eng d
040 _cAL
041 _aEnglish
082 _223
_a348.04
_bEASS
100 _aEastern Book Company
_9191546
245 _aSupreme Court Cases 1988: Supplement Volume
260 _aLucknow
_bEastern Book Company
_c2015
300 _a875 p.
_bHB
_c24x16 cm.
650 _aMode of Citation 1988 Supp SCC
_9191547
942 _2ddc
_cBI
999 _c233080
_d233080